00731cam a2200229 a 4500999001500000001000500015003000900020005001700029008004100046020001500087040003800102082002000140100002100160245005400181250001200235260003700247300004700284500002000331650002000351942001200371952011800383 c3011d30116676BD-DhUAP20200301115135.0960808s1997 nyua b 001 0 eng  a0070657564 aBD-DhUAPbEngcBD-DhUAPdBD-DhUAP00223a621.815 ULL1 aUllman, David G.14aThe mechanical design process /cDavid G. Ullman. a2nd ed. aNew York :bMcGraw-Hill,cc1997. axvii, 340 pages :billustrations ;c24 cm. aIncludes index. 0aMachine design. 2ddccBK 00102ddc4070aUAPCLbUAPCLcGeneral Stacksd2020-03-01o621.815 ULLp3010006676r2020-03-01t1w2020-03-01yBK